Analisis de los procesos de coagulacion y floculacion en planta potabilizadora de Los Sitios

Salvato in:
Dettagli Bibliografici
Autore principale: Herrera Cabezas, Fernando
Natura: Tesi Libro
Lingua:Undetermined
Pubblicazione: 1984
Soggetti:
> > > > COAGULACION
Tags: Aggiungi Tag
Nessun Tag, puoi essere il primo ad aggiungerne!!

MARC

LEADER 00000nam a2200000Ia 4500
001 2594
008 140114s9999 xx 000 0 und d
100 |a Herrera Cabezas, Fernando 
245 |a Analisis de los procesos de coagulacion y floculacion en planta potabilizadora de Los Sitios 
260 |c 1984 
500 |a NULL 
502 |a Escuela de ingenieria Civil 
650 |z COAGULACION 
999 |c 11600  |d 11600